000 00570nam a2200229Ia 4500
003 OSt
005 20221007063052.0
006 a|||||r|||| 00| 0
007 ta
008 221006b |||||||| |||| 00| 0 eng d
024 _a25,700
037 _cTextual
040 _aFLL
_cFLL
_beng
041 _2eng
_aeng
082 _aZz7, K2
100 _aSethna M.J.
245 0 _aProgress of law
260 _aBombay
_bN.M. Tripathi Pvt. Ltd. India
_c1962
300 _a1-92p
_ccm.
942 _hZz7, K2
_cTEXL
_2CC
999 _c1130283
_d1130283